| 000 | 01048pam a2200325 a 4500 | ||
|---|---|---|---|
| 001 | 013455994 | ||
| 003 | EG-ScBUE | ||
| 005 | 20220221093752.0 | ||
| 008 | 060411t2006 enka f 000 0 eng d | ||
| 020 | _a9781904772415 (pbk.) | ||
| 020 | _a1904772412 (pbk.) | ||
| 040 |
_aStDuBDS _beng _erda _cStDuBDS _dUk _dEG-ScBUE |
||
| 082 | 0 | 4 |
_a746.92 _222 _bFAS |
| 245 | 0 | 0 |
_aFashioning fabrics : _bcontemporary textiles in fashion / _cedited by Sandy Black. |
| 264 | 1 |
_aLondon : _bBlack Dog Publishing, _c[2006] |
|
| 264 | 4 | _cc2006 | |
| 300 |
_a205 pages : _bcolor illustrations ; _c26 cm |
||
| 336 |
_atext _2rdacontent _btxt |
||
| 337 |
_aunmediated _2rdamedia _bn |
||
| 338 |
_avolume _2rdacarrier _bnc |
||
| 650 | 7 |
_aTextile fabrics. _2BUEsh |
|
| 650 | 7 |
_aFashion design. _2BUEsh |
|
| 650 | 7 |
_aFashion designers. _2BUEsh |
|
| 653 |
_bART _cFebruary2022 |
||
| 655 |
_vReading book _934232 |
||
| 700 | 1 |
_aBlack, Sandy, _eeditor. |
|
| 942 |
_2ddc _cBB |
||
| 999 |
_c29788 _d29759 |
||